Greedy Fina

Bibliographic Details
Main Author: Ram Kumari
Format: Book
Published: Selangor : Ilmiah Publishers , 2004
Series:Moral values stories for juniors
Subjects:

MARC

LEADER 00000cam a2200000 7i4500
001 0000004607
005 20220105104003.0
008 070730
020 |a 9832571723(set) 
020 |a 9832571790 
090 0 0 |a JP   |b MOR ENG (3956) 
100 0 |a Ram Kumari 
245 1 0 |a Greedy Fina   |c Ram Kumari 
260 |a Selangor :   |b Ilmiah Publishers ,   |c 2004 
440 |a Moral values stories for juniors 
500 |a Children age 4-6 years old (yellow) 
650 0 |a Junior preschool   |x English   |x Languages 
650 0 |a Moral 
999 |a 0000977344   |b Book   |c Children Collection   |e Cawangan Bandar Penawar 
999 |a 0000977345   |b Book   |c Children Collection   |e Perbadanan Perpustakaan Awam Johor 
999 |a 0000977346   |b Book   |c Children Collection   |e Cawangan Tmn. Ungku Tun Aminah 
999 |a 0000979283   |b Book   |c Children Collection   |e Perbadanan Perpustakaan Awam Johor 
999 |a 0000979284   |b Book   |c Children Collection   |e Perbadanan Perpustakaan Awam Johor 
999 |a 0000979285   |b Book   |c Children Collection   |e Cawangan Bukit Gambir 
999 |a 0000979286   |b Book   |c Children Collection   |e Cawangan Taman Universiti 
999 |a 0000979287   |b Book   |c Children Collection   |e Cawangan Tmn. Ungku Tun Aminah